<?xml version="1.0" encoding="UTF-8"?>
<marc:record xmlns:marc="http://www.loc.gov/MARC21/slim">
   <marc:leader>00000nam a2200000 a 4500</marc:leader>
   <marc:datafield ind1="1" ind2=" " tag="100">
      <marc:subfield code="a">Rudolf, Nicole</marc:subfield>
      <marc:subfield code="4">aut</marc:subfield>
      <marc:subfield code="e">Verfasser/-in</marc:subfield>
   </marc:datafield>
   <marc:datafield ind1="1" ind2=" " tag="100">
      <marc:subfield code="a">Rudolf, Tobias</marc:subfield>
      <marc:subfield code="4">aut</marc:subfield>
      <marc:subfield code="e">Verfasser/-in</marc:subfield>
   </marc:datafield>
   <marc:datafield ind1="1" ind2=" " tag="100">
      <marc:subfield code="a">Katz, Dominik</marc:subfield>
      <marc:subfield code="4">art</marc:subfield>
      <marc:subfield code="e">Künstler/-in</marc:subfield>
   </marc:datafield>
   <marc:datafield ind1=" " ind2=" " tag="653">
      <marc:subfield code="a">Fußball</marc:subfield>
   </marc:datafield>
   <marc:datafield ind1=" " ind2=" " tag="653">
      <marc:subfield code="a">Familie</marc:subfield>
   </marc:datafield>
   <marc:datafield ind1=" " ind2=" " tag="653">
      <marc:subfield code="a">Softcover / Kinder- und Jugendbücher/Bilderbücher</marc:subfield>
   </marc:datafield>
   <marc:datafield ind1=" " ind2=" " tag="653">
      <marc:subfield code="a">Fussball</marc:subfield>
   </marc:datafield>
   <marc:datafield ind1=" " ind2=" " tag="653">
      <marc:subfield code="a">Weltmeisterschaft</marc:subfield>
   </marc:datafield>
   <marc:datafield ind1=" " ind2=" " tag="653">
      <marc:subfield code="a">Hirschbär</marc:subfield>
   </marc:datafield>
   <marc:datafield ind1=" " ind2=" " tag="653">
      <marc:subfield code="a">Bilderbuch</marc:subfield>
   </marc:datafield>
   <marc:datafield ind1=" " ind2=" " tag="653">
      <marc:subfield code="a">Erzählerische Bilderbücher</marc:subfield>
   </marc:datafield>
   <marc:datafield ind1="0" ind2="0" tag="245">
      <marc:subfield code="a">Familie Hirschbär - die Waldmeisterschaft</marc:subfield>
   </marc:datafield>
   <marc:datafield ind1="0" ind2="0" tag="245">
      <marc:subfield code="c">Nicole Rudolf, Tobias Rudolf ; mit Illustrationen von Dominik Katz</marc:subfield>
   </marc:datafield>
   <marc:datafield ind1=" " ind2="1" tag="264">
      <marc:subfield code="a">Trier</marc:subfield>
      <marc:subfield code="b">Buchfink</marc:subfield>
      <marc:subfield code="c">2026</marc:subfield>
   </marc:datafield>
   <marc:datafield ind1=" " ind2=" " tag="250">
      <marc:subfield code="a">1. Auflage</marc:subfield>
   </marc:datafield>
   <marc:datafield ind1="1" ind2=" " tag="520">
      <marc:subfield code="a">Die Aufregung in Waldesleben ist groß: Die legendäre Waldmeisterschaft steht bevor! Als kurzfristig eine Mannschaft ausfällt, bekommt die Truppe des SV Waldesleben die Chance ihres Lebens – mit auf dem Feld: Familie Hirschbär! Papa Hirsch, Mama Bär, Fuchs Friedrich und Häsin Annelie stürzen sich voller Begeisterung ins Training. Doch schnell wird klar: Fußballspielen ist gar nicht so einfach, wenn alle nur an sich denken. Erst als sie lernen, ein echtes Team zu werden, wächst die bunt zusammengewürfelte Truppe über sich hinaus.
&lt;br&gt;
Mitreißend und humorvoll erzählt, begeistert auch der zweite Band der Familie Hirschbär mit liebenswerten Charakteren, Situationskomik und einer wichtigen Botschaft: Gemeinsam sind wir stärker! Passend zur Weltmeisterschaft im Juni 2026 kommt mit »Der Waldmeisterschaft« frischer Wind ins Fußballregal – ein temporeiches Leseerlebnis über Teamgeist, Freundschaft und die
&lt;br&gt;
Freude am Spiel.
</marc:subfield>
   </marc:datafield>
   <marc:datafield ind1=" " ind2=" " tag="020">
      <marc:subfield code="a">9783948453411</marc:subfield>
      <marc:subfield code="9">9783948453411</marc:subfield>
   </marc:datafield>
   <marc:datafield ind1=" " ind2=" " tag="020">
      <marc:subfield code="a">3948453411</marc:subfield>
      <marc:subfield code="9">3948453411</marc:subfield>
   </marc:datafield>
   <marc:datafield ind1=" " ind2=" " tag="041">
      <marc:subfield code="a">ger</marc:subfield>
   </marc:datafield>
   <marc:datafield ind1=" " ind2=" " tag="300">
      <marc:subfield code="a">32 ungezählte Seiten</marc:subfield>
   </marc:datafield>
</marc:record>
